TOOLS FOR POLICY RESEARCH /

Bibliographic Details
Main Author: Mwape, Bonard
Format: Book
Published: Bloomington: AuthorHouse, 2012.
Subjects:
LEADER 00644cam a2200205 7i4500
001 0000016447
005 20151104090000.0
005 ##20151104120100.0
003 ##MY-KlINT
020 # # |a 9781467896726  
039 # 9 |y 201511041201  |z VLOAD 
090 0 0 |a 320.6   |b MWA 
100 1 # |a Mwape, Bonard 
245 1 0 |a TOOLS FOR POLICY RESEARCH /   |c BONARD MWAPE AND JOSEPH MUMBA. 
260 # # |a Bloomington:   |b AuthorHouse,   |c 2012. 
300 # # |a 351p:   |b ill;   |c 23cm. 
500 # # |a Includes bibliographical references 
650 # 0 |a Policy sciences --   |x Research  
999 |a 1501070003  |b BOOK  |c Main Non-Fiction  |e INTAN BK 
999 |a 1501070038  |b BOOK  |c Main Non-Fiction  |e INTAN BK